Loading...
Arts - Music | 1 | 20.00 | 100% | 100% | 0% |
Arts - Other Arts | 2 | 25.00 | 100% | 100% | 50% |
Arts - Painting | 2 | 20.00 | 100% | 100% | 0% |
History - European | 2 | 25.00 | 100% | 100% | 50% |
History - Other History | 2 | 20.00 | 100% | 100% | 0% |
History - World | 1 | 20.00 | 100% | 100% | 0% |
History - World History | 1 | 20.00 | 100% | 100% | 0% |
Literature - American Lit | 3 | 16.67 | 100% | 67% | 0% |
Literature - British Lit | 1 | 20.00 | 100% | 100% | 0% |
Literature - World | 1 | 20.00 | 100% | 100% | 0% |
Literature - World Lit | 4 | 20.00 | 100% | 75% | 25% |
Mythology | 3 | 23.33 | 100% | 100% | 33% |
Other - Geo/CE | 4 | 12.50 | 75% | 50% | 0% |
Other Academic | 3 | 10.00 | 100% | 0% | 0% |
Pop Culture | 2 | 15.00 | 100% | 50% | 0% |
Religion | 2 | 10.00 | 50% | 50% | 0% |
Science - Biology | 2 | 5.00 | 50% | 0% | 0% |
Science - Chemistry | 2 | 15.00 | 100% | 50% | 0% |
Science - Engineering | 2 | 10.00 | 100% | 0% | 0% |
Science - Other Science | 1 | 10.00 | 100% | 0% | 0% |
Science - Physics | 2 | 10.00 | 100% | 0% | 0% |
Thought - Philosophy | 2 | 20.00 | 100% | 50% | 50% |
Thought - Social Science | 2 | 5.00 | 50% | 0% | 0% |